LEADER 01170cam0-22003851i-450- 001 990005790110403321 005 20140204113353.0 010 $a3-11-006599-1 035 $a000579011 035 $aFED01000579011 035 $a(Aleph)000579011FED01 035 $a000579011 100 $a19990604d1978----km-y0itay50------ba 101 0 $ager$agrc 102 $aDE 105 $aa-------001ad 200 1 $aIosephi Genesii regum libri quattuor$frecensuerunt A. Lesmueller-Werner et I. Thurn 210 $aBerolini$cDe Gruyter$d1978 215 $aXXIX, 142 p., [1]c. di tav.$d24 cm 225 1 $aCorpus Fontium Historiae Byzantinae$iSeries Berolinensis$v14 500 10$aRegum liber quattuor$916098 610 0 $aBisanzio$aStoria 676 $a949.502 700 0$aGenesius$f<10. saec.>$0220510 702 1$aLesmüller-Werner,$bAnni 702 1$aThurn,$bHans$f<1934- > 801 0$aIT$bUNINA$gRICA$2UNIMARC 901 $aBK 912 $a990005790110403321 952 $a949.50099 COR 14$bBIBL. 60736$fFLFBC 952 $aDirez. J-011$bs.i. ddr$fDDR$m21-958 959 $aFLFBC 959 $aDDR 996 $aRegum liber quattuor$916098 997 $aUNINA LEADER 00902nam0-2200289 --450 001 9910330157003321 005 20190719100008.0 010 $a978-88-99541-80-4 100 $a20190719d2017----kmuy0itay5050 ba 101 0 $aita 102 $aIT 105 $ay 001yy 200 1 $aFrancesco De Sanctis e la critica letteraria moderna$edal confronto al dialogo$fa cura di Rosa Giulio 210 $aAvellino$cSinistesie$d2017 215 $a138 p.$d24 cm 300 $aAltra edizione: ISBN 9788899541811 (eBook) 610 0 $aDe Sanctis, Francesco <1817-1883> 676 $a801.95$v22$zita 676 $a850.9$v23$zita 702 1$aGiulio,$bRosa 801 0$aIT$bUNINA$gREICAT$2UNIMARC 901 $aBK 912 $a9910330157003321 952 $a801.95 DESA/S 13$bbibl. 2019$fFLFBC 959 $aFLFBC 996 $aFrancesco De Sanctis e la critica letteraria moderna$91557806 997 $aUNINA